EWOW Confessional or Response? - Statistics

General Stats
  • This quiz has been taken 65 times
  • The average score is 19 of 30
Answer Stats
Question Answer % Correct
Looks like hope and whimsy are back on the menu boys Confessional
91%
who is █ ? why is it raining, █? Confessional
88%
The salmon… are calling me… calling me to the river… Confessional
86%
roses are red, violets are blue, this is why i suck at writing rhyming responses Confessional
80%
If you see this comment what u ate for breakfast today Response
77%
Gingerbread, accommodating a terrifying, wolf-deterring witch roommate... that's a different story. Response
77%
I have the coordinates to Dream Island! Response
75%
. * ( ) <(Impractical communication. Transferable data isn't infinite, only allowing eleven consecutive words...) . * ( ) . Response
72%
Have you ever wondered how Dog got 11th? He had fleas! Response
72%
heurrrghhh Response
72%
forever falling in the bottomless abyss of your own complexity and beauty. Confessional
69%
They tried honestly, their fate is unknown, and they won't be forgotten Response
69%
I couldn’t think of anything oh godddd hhhhhhh 👽EEKUM BOOKUM Confessional
67%
GUYS WHAT HAPPENED TO MY MOUTH Confessional
67%
Max won in Montreal. 21 wins? Confessional
67%
Breathe air with the 5$ 0 foot long sandwich!, very effective! Response
67%
Shawty sticking her gyatt out for the rizzler cuz she a skibidi 🤑🤑 Confessional
66%
[Before viewing, verify your humanity. Your device will now draw blood.] Response
66%
Definitely not any, because we’re sick…ick Response
64%
im the pope now fuck off!! all of you Confessional
63%
Mike N Ikes like We Like Ike or they like Mike. Response
63%
My dad was convicted of manslaughter because he's a good person Response
59%
Officer, I dropkicked that child in self-defense. You gotta believe me! Confessional
56%
“I HUNGER!” Response
56%
Coolr. Poolr. Response
45%
Technology sorely underestimates the indomitable human spirit. We will always persevere! Confessional
42%
A HUNDRED PUSHUPS, A HUNDRED GETUPS, A HUNDRED SQUATS, TENkm RUN Response
34%
Bad reasons on knowledge elicit nonsense, so I never "know"... Confessional
28%
Please dont eat isopods. Confessional
23%
I shall be the first pharoah! Thank your alien overlords for civilization! Confessional
8%
No matching quizzes found
Score Distribution
Percent of People with Each Score
Percentile by Number Answered
Your Score History
You have not taken this quiz